O Canada: English Lyrics - Statistics

General Stats
  • This quiz has been taken 61 times
  • The average score is 6 of 8
Answer Stats
Hint Answer % Correct
O Canada, our ___ and ___ ___! O Canada, our home and native land!
98%
We ___ ___ ___ for thee! We stand on guard for thee!
84%
God keep our land ___ and ___, God keep our land glorious and free,
77%
The ___ ___ ___ and ___! The True North strong and free!
74%
___ ___, we ___ ___ ___ for thee! O Canada, we stand on guard for thee!
72%
___ ___ ___ in all thy sons command. True patriot love in all thy sons command.
70%
From ___ and ___, ___ ___ From far and wide, O Canada,
68%
With ___ ___ we see thee rise, With glowing hearts we see thee rise,
68%
No matching quizzes found
Score Distribution
Percent of People with Each Score
Percentile by Number Answered
Your Score History
You have not taken this quiz